Siamo pronti per un figlio? (Record n. 336612)

Dettagli MARC
000 -LEADER
campo di controllo lung. fissa nam a22 7a 4500
003 - Identificatore del numero di controllo
campo di controllo IT-MiCISF
005 - Data e orario dell'ultima transazione
campo di controllo 20170412122343.0
008 - Elementi di lunghezza fissa--Informazione generale
campo di controllo lung. fissa 170412b xxu||||| |||| 00| 0 eng d
040 ## - Fonte della catalogazione
Agenzia che fa la trascrizione IT-MiCISF
041 ## - Codice di lingua
Codice di lingua del testo/traccia sonora o titolo separato it
100 ## - Accesso principale -- nome di persona
Nome di persona Terminio Nicolò
9 (RLIN) 56387
245 ## - Formulazione del titolo
Titolo Siamo pronti per un figlio?
Complemento del titolo Amarsi e diventare genitori
260 ## - Pubblicazione, distribuzione, ecc. (stampa)
Luogo di pubblicazione, distribuzione, ecc. Cinisello B. (MI)
Nome dell'editore, distributore, ecc. San Paolo
Data di pubblicazione, distribuzione, ecc. 2015
300 ## - Descrizione fisica
Estensione pp. 104
500 ## - Nota generale
Nota generale genitorialità, primo-figlio, psiconalisi, rapporti-intergenerazionali, educazione, prevenzione
520 ## - Riassunto, ecc.
Nota di riassunto, ecc. "Siamo davvero pronti per un figlio?" Questa domanda probabilmente risuona in ogni giovane coppia, per la quale alle difficoltà del mondo esterno si sommano le insicurezze di fronte a un compito che può sembrare arduo. Ma la "generatività" di una coppia non è solo quella che si realizza nel mettere al mondo un figlio. La coppia genera non soltanto nel metterlo al mondo e nell’offrirgli le cure necessarie, ma è una coppia che genera anche quando inserisce i figli tra le generazioni e permette la loro realizzazione personale. La generatività della coppia si realizza, infine, anche nella sua apertura ai legami sociali, quando fornisce guida e sostegno alla crescita delle nuove generazioni e non solo ai propri figli. Questo volume unisce storie vere di coppie accompagnate dall'autore in un percorso psicoterapeutico e riflessioni concrete e utili, capaci di far progredire in un percorso "a due".
650 ## - Accesso aggiunto di soggetto--termine topico
Termine topico o nome geografico come accesso genitorialità
9 (RLIN) 56044
654 ## - Accesso aggiunto di soggetto--termini topici faccettati
Termine principale saggio
942 ## - Dati aggiuntivi (Koha)
Fonte della classificazione o dello schema di collocazione (segnatura) Dewey Decimal Classification
Tipo copia default (Koha) LIBRO
Dati di copia
Ritirato (status) Perso (status) Fonte della classificazione o dello schema di collocazione (segnatura) Danneggiato (status) Non per il presito Biblioteca proprietaria Biblioteca in cui si trova Data d'acquisizione Totale prestiti Collocazione Codice a barre Data ultima operazione Prezzo in vigore dal Tipo copia default (Koha)
    Dewey Decimal Classification Buone Condizioni Not For Loan CISF - Milano CISF - Milano 12/04/2017   a2218 9788821594656 12/04/2017 12/04/2017 LIBRO
CREDITS: SOCIETA' SAN PAOLO Via A.Severo, 58 - ROMA (RM) & PERIODICI SAN PAOLO SRL Via Giotto, 36 MILANO & CISF Via Giotto, 36 MILANO & EDIZIONI SAN PAOLO SRL,  Piazza Soncino, 5 CINISELLO BALSAMO (MI) -- ITALY